Az újságírás jövője a Z-generáció megközelítésével

Bibliographic Details
Main Author: Gruber Rita
Other Authors: Surányi Dr. András
Format: Final Paper
Kulcsszavak:Z generáció
Újságírás
Blog
Online Access:http://dolgozattar.uni-bge.hu/9999

MARC

LEADER 00000nta a2200000 i 4500
001 dolg9999
005 20170424132546.0
008 170424suuuu hu o 000 hun d
040 |a BGE Dolgozattár Repozitórium  |b hun 
041 |a hu 
100 1 |a Gruber Rita 
245 1 3 |a Az újságírás jövője a Z-generáció megközelítésével  |c Gruber Rita  |h [elektronikus dokumentum] 
516 |a Final_paper 
695 |a Z generáció 
695 |a Újságírás 
695 |a Blog 
700 1 |a Surányi Dr. András  |e ths 
856 4 0 |u http://dolgozattar.uni-bge.hu/9999/1/zaro_uj.pdf  |z Dokumentum-elérés